000 00773nam a2200289Ia 4500
008 170203s9999 xx 000 0 und d
020 _a0 590963937
050 _a413
050 _bY76r 1994
100 _aYoung, Sue.
245 4 _aThe Scholastic rhyming dictionary : 
245 _bover 15,000 words /
245 _cSue Young.
260 _aNew York :
260 _bScholastic Reference.
260 _c1994
300 _avii, 213 pages :
300 _billustrations (some color) ;
300 _c23 cm.
500 _aIncludes index.
650 _aEnglish language --
650 _aEnglish language -- Rhyme --
650 _aEnglish language -- Rhyme -- Dictionaries,
650 _xDictionaries.
650 _xJuvenile.
650 _xRhyme.
999 _c305711
_d305711